| 000 | 00960cam a2200301 i 4500 | ||
|---|---|---|---|
| 001 | 19433124 | ||
| 005 | 20260413093917.0 | ||
| 008 | 170106s2017 nyua b 001 0 eng | ||
| 010 | _a 2017000292 | ||
| 020 | _a9780826125897 | ||
| 020 | _z9780826125927 (ebook) | ||
| 035 | _a19433124 | ||
| 035 | _a(DNLM)101698314 | ||
| 040 |
_aDNLM/DLC _cDLC _erda _dDLC |
||
| 042 | _apcc | ||
| 050 | 0 | 0 |
_aRG960 _b.F74 2017 |
| 245 | 0 | 0 |
_aFreestanding birth centers : _binnovation, evidence, optimal outcomes / |
| 260 |
_aNew York: _bSpinger publishing Company/ _c2017. |
||
| 300 |
_ai, 366 pages : _billustrations ; _c23 cm |
||
| 504 | _aIncludes bibliographical references and index. | ||
| 650 | 1 | 2 | _aBirthing Centers |
| 651 | 2 | _aUnited States | |
| 700 | 1 |
_aCole, Linda J., _eeditor. |
|
| 700 | 1 |
_aAvery, Melissa D., _eeditor. |
|
| 906 |
_a7 _bcbc _corignew _d1 _eecip _f20 _gy-gencatlg |
||
| 942 |
_2lcc _cBK |
||
| 999 |
_c60339 _d60339 |
||